Finite element simulation of dislocation based plasticity and diffusion in multiphase materials at high temperature (Record no. 24176)

MARC details
000 -LEADER
fixed length control field 00627nam a2200133Ia 4500
008 - FIXED-LENGTH DATA ELEMENTS--GENERAL INFORMATION
fixed length control field 220620s9999||||xx |||||||||||||| ||und||
022 ## - INTERNATIONAL STANDARD SERIAL NUMBER
International Standard Serial Number 2192693X
100 ## - MAIN ENTRY--PERSONAL NAME
Personal name Albiez, Jürgen
245 #0 - TITLE STATEMENT
Title Finite element simulation of dislocation based plasticity and diffusion in multiphase materials at high temperature
546 ## - LANGUAGE NOTE
Language note English[eng]
650 ## - SUBJECT ADDED ENTRY--TOPICAL TERM
Topical term or geographic name entry element Crystal plasticity||Creep||Directional solidification||Gradient plasticity||Finite element simulation||Kriechen||Gerichtete Erstarrung||Finite Elemente Methode||Kristallplastizität||Gradientenplastizität
856 ## - ELECTRONIC LOCATION AND ACCESS
Uniform Resource Identifier <a href="https://www.ksp.kit.edu/9783731509189">https://www.ksp.kit.edu/9783731509189</a>
942 ## - ADDED ENTRY ELEMENTS (KOHA)
Koha item type E-Books
Holdings
Withdrawn status Lost status Damaged status Not for loan Home library Current library Date acquired Total Checkouts Date last seen Price effective from Koha item type
        Kerala University of Digital Sciences, Innovation and Technology Knowledge Centre Kerala University of Digital Sciences, Innovation and Technology Knowledge Centre 20/06/2022   20/06/2022 20/06/2022 E-Books